Be ready / (Record no. 4229)

MARC details
000 -LEADER
fixed length control field 00740cam a2200265 i 4500
001 - CONTROL NUMBER
control field 3082
003 - CONTROL NUMBER IDENTIFIER
control field GBCCL
005 - DATE AND TIME OF LATEST TRANSACTION
control field 20241126110514.0
008 - FIXED-LENGTH DATA ELEMENTS--GENERAL INFORMATION
fixed length control field 790620s1979 ilu 00010 eng
010 ## -
-- 78065555
020 ## - INTERNATIONAL STANDARD BOOK NUMBER
International Standard Book Number 0896937739
Terms of availability $2.25
035 ## - SYSTEM CONTROL NUMBER
System control number OCM05147447 821119
040 ## - CATALOGING SOURCE
Original cataloging agency DLC
Transcribing agency DLC
Modifying agency m.c.
-- LBB
049 ## -
-- LBBK
050 1# -
-- BS2725.3
-- .W53
082 ## - DEWEY DECIMAL CLASSIFICATION NUMBER
Classification number 227.8107
Item number WIE
092 ## - LOCALLY ASSIGNED DEWEY CALL NUMBER (OCLC)
Classification number 227.8207
Item number W648
100 1# - MAIN ENTRY--PERSONAL NAME
Personal name Wiersbe, Warren W.
9 (RLIN) 623
245 10 - TITLE STATEMENT
Title Be ready /
Statement of responsibility, etc. Warren W. Wiersbe.
260 ## - PUBLICATION, DISTRIBUTION, ETC.
Place of publication, distribution, etc. Wheaton, Ill. :
Name of publisher, distributor, etc. Victor Books,
Date of publication, distribution, etc. c1979.
300 ## - PHYSICAL DESCRIPTION
Extent 174 p. ;
Dimensions 18 cm.
500 ## - GENERAL NOTE
General note On spine: Be ready: 1 & 2 Thessalonians.
630 00 - SUBJECT ADDED ENTRY--UNIFORM TITLE
Uniform title Bible.
Name of part/section of a work N.T.
-- Thessalonians
Form subdivision Commentaries.
9 (RLIN) 8024
942 ## - ADDED ENTRY ELEMENTS (KOHA)
Source of classification or shelving scheme Dewey Decimal Classification
Koha item type Books
Koha issues (borrowed), all copies 2
Holdings
Withdrawn status Lost status Source of classification or shelving scheme Damaged status Not for loan Home library Current Library Shelving location Date acquired Total checkouts Full call number Barcode Date last seen Date last checked out Copy number Price effective from Koha item type
    Dewey Decimal Classification     GRACE BIBLE COLLEGE GRACE BIBLE COLLEGE Biblical Studies 2018-01-17 2 227.8107 WIE 001633 2025-05-01 2024-08-06 c.1 2018-01-17 Books
© Grace Bible College Library 2025